| 000 | 00762nam a2200205 4500 | ||
|---|---|---|---|
| 001 | 1582 | ||
| 005 | 20181127163539.0 | ||
| 090 | 0 | 0 | _a362.29 G5392t 2009 |
| 100 | 0 | 0 | _aGivel, Michael. |
| 245 | 0 | 0 |
_aTobacco use policymaking and administration in Bhutan / _b _cMichael Givel. _h |
| 260 | 0 | 0 |
_aNorman, OK : _bUniversity of Oklahoma, _c2009. |
| 300 | 0 | 0 | _a57 p. |
| 500 | _a"November 2009" | ||
| 500 | _aElectronic copy available on RTC Cloud in "Library" folder | ||
| 500 | 0 | 0 | _aIn English. |
| 650 |
_aSmoking _v _x _y _zBhutan. _2 |
||
| 650 |
_aTobacco _v _x _y _zBhutan. _2 |
||
| 650 |
_aTobacco use _v _x _y _zBhutan. _2 |
||
| 856 |
_a _uhttp://works.bepress.com/cgi/viewcontent.cgi?article=1018&context=michael_givel _yTobacco use policymaking and administration in Bhutan _z _3 |
||
| 999 |
_c1180 _d1180 |
||